Guess the Fusion Rock Song Lyrics #112 - Statistics

General Stats
  • This quiz has been taken 11 times
  • The average score is 152 of 299
Answer Stats
Answer % Correct
a
88%
A
88%
All
88%
all
88%
do
88%
hear
88%
I
88%
it
88%
It
88%
love
88%
my
88%
no
88%
on
88%
one
88%
the
88%
to
88%
we
88%
Where
88%
You
88%
you
88%
And
75%
be
75%
But
75%
but
75%
can
75%
could
75%
don't
75%
Don't
75%
for
75%
get
75%
is
75%
It's
75%
Or
75%
should
75%
So
75%
we're
75%
you're
75%
by
63%
every
63%
if
63%
I'm
63%
Never
63%
night
63%
seen
63%
There's
63%
this
63%
time
63%
up
63%
us
63%
has
50%
heart
50%
here
50%
just
50%
make
50%
Make
50%
need
50%
something
50%
that's
50%
you've
50%
before
38%
find
38%
fine
38%
fore
38%
Fore
38%
Nitty Gritty Dirt Band
38%
Ooh
38%
really
38%
take
38%
talk
38%
through
38%
We'll
38%
Baby
25%
boy
25%
chance
25%
choosing
25%
hold
25%
Let's
25%
next
25%
try
25%
wanna
25%
about
13%
above
13%
change
13%
close
13%
cover
13%
heard
13%
little
13%
losing
13%
magic
13%
pneumonia
13%
put
13%
run
13%
same
13%
sitting
13%
sleep
13%
useless
13%
willing
13%
alright
0%
blue
0%
crazy
0%
dancing
0%
deeper
0%
discover
0%
excuses
0%
firelight
0%
lines
0%
may
0%
others
0%
ourselves
0%
reach
0%
skies
0%
sound
0%
subject
0%
tight
0%
true
0%
yourself
0%
No matching quizzes found
Score Distribution
Percent of People with Each Score
Percentile by Number Answered
Your Score History
You have not taken this quiz